[Event "Défi"]
[Site "www.echecsemail.com"]
[Date "2026.01.21"]
[Round "1"]
[White "Bilitis"]
[Black "Berjay"]
[WhiteElo "1750"]
[BlackElo "1700"]
[Result "0-1"]
1.d4 d5
2.Ng1f3 Ng8f6
3.Bc1f4 Nb8c6
4.Nb1d2 Bc8f5
5.a3 g6
6.h3 e6
7.g4 Bf5e4
8.Nd2xe4 Nf6xe4
9.e3 Bf8g7
10.h4 b6
11.Ra1c1 O-O
12.c4 dxc4
13.Rc1xc4 f5
14.Rc4xc6 fxg4
15.Nf3g5 Qd8d5
16.Qd1c1 Qd5a5
17.Ke2 Ra8c8
18.Ng5xe6 Rf8f6
19.Bf1g2 Qa5d5
20.Bg2xe4 Qd5xe4
21.Rh1d1 Rf6xe6
22.Rc6xc7 Rc8e8
23.Rc7xa7 Qe4f3
24.Ke1 Re8d8
25.Qc1c7 Re6xe3
26.Bf4xe3 Qf3f8
27.Rd1c1 Rd8e8
28.Qc7xb6 g3
29.Kd2 gxf2
30.Ke2 Re8c8
31.Qb6e6 Kh8
32.Kf1 Rc8e8
33.Qe6h3 h5
34.Be3xf2 Bg7xd4
35.Ra7h7 Kxh7
36.Qh3d7 Bd4g7
37.Rc1c7 Kg8
38.Kg1 Re8d8
39.Qd7e6 Kh8
40.Qe6xg6 Rd8d1
41.Kg2 Qf8a8
42.Kh3 Qa8h1
43.Kg3 Bg7e5
0-1

[Event "Tournoi n27380"]
[Site "www.echecsemail.com"]
[Date "2026.01.21"]
[Round "1"]
[White "Oranmore"]
[Black "Nico"]
[WhiteElo "1900"]
[BlackElo "2010"]
[Result "1/2-1/2"]
1.Ng1f3 d5
2.d4 Nb8c6
3.e3 Bc8g4
4.Bf1e2 Ng8f6
5.Nb1d2 a6
6.O-O e6
7.b3 Bf8b4
8.Bc1b2 Bb4xd2
9.Nf3xd2 Bg4xe2
10.Qd1xe2 O-O
11.g3 h6
12.f4 b5
13.a3 Nc6e7
14.c4 c6
15.cxb5 axb5
16.Bb2c3 Ne7f5
17.Bc3b4 Rf8e8
18.Rf1c1 Qd8d7
19.Rc1c2 Re8c8
20.Ra1c1 Nf5d6
21.Qe2g2 Nd6e4
22.Nd2xe4 Nf6xe4
23.Qg2e2 Qd7b7
24.Qe2d3 Rc8c7
25.Kg2 Qb7b6
26.g4 Ra8d8
27.Bb4e1 f5
28.gxf5 exf5
29.h4 Rd8d6
30.a4 b4
31.Kf3 g6
32.Rc2g2 Kh7
33.Rc1c2 Rc7e7
34.Rg2g1 Ne4f6
35.Be1f2 Nf6g4
36.Rg1e1 Rd6e6
37.Rc2e2 Ng4f6
38.Re1c1 Nf6e4
39.Bf2e1 Ne4f6
{ nul }1/2-1/2

[Event "Coupe Niveau 4"]
[Site "www.echecsemail.com"]
[Date "2026.01.21"]
[Round "1"]
[White "Alain64"]
[Black "Verson"]
[WhiteElo "2070"]
[BlackElo "1870"]
[Result "1-0"]
1.c4 Ng8f6
2.Nb1c3 e6
3.e4 d5
4.e5 Nf6e4
5.Nc3xe4 dxe4
6.Qd1g4 Qd8d4
7.Ng1f3 Qd4c5
8.Qg4xe4 Bf8e7
9.a3 O-O
10.d4 Qc5b6
11.Bf1d3 g6
12.O-O c6
13.h4 Nb8d7
14.h5 Rf8e8
15.hxg6 hxg6
16.Nf3g5 Be7xg5
17.Bc1xg5 Kg7
18.b4 Re8h8
19.Bg5f6 Nd7xf6
20.exf6 Kf8
21.d5 Bc8d7
22.c5 Qb6d8
23.dxe6 Bd7xe6
24.Qe4f3 Qd8c7
25.g3 Ra8d8
26.Rf1e1 Qc7d7
27.Ra1d1 Be6g4
28.Qf3e3 Bg4xd1
29.Qe3e7 Kg8
30.Re1xd1 Qd7xe7
31.fxe7 Rd8e8
32.Rd1e1 Kg7
33.b5 f5
34.bxc6 bxc6
35.Bd3c4 Re8c8
36.Re1e6 Rh8e8
37.f4 Rc8c7
38.Kf2 Re8xe7
39.Re6d6 Re7e4
40.Bc4d3 Re4a4
41.Ke3 Ra4xa3
42.g4 a5
43.gxf5 gxf5
44.Kd4 Ra3b3
45.Bd3xf5 Rb3b4
46.Ke5 Rc7e7
47.Bf5e6 Re7c7
48.f5 Rb4b8
49.f6 Kf8
50.Be6d7 Rb8d8
51.Bd7xc6 Rd8xd6
52.Kxd6 Rc7a7
53.Bc6d5 { abandon }1-0

[Event "Tournoi n27272"]
[Site "www.echecsemail.com"]
[Date "2026.01.21"]
[Round "1"]
[White "Raf"]
[Black "Jazzzz"]
[WhiteElo "1950"]
[BlackElo "1950"]
[Result "1-0"]
1.e4 g6
2.Ng1f3 Bf8g7
3.Bf1e2 e6
4.d4 Ng8e7
5.O-O O-O
6.c3 Nb8c6
7.Bc1e3 d5
8.e5 Ne7f5
9.Be3f4 b6
10.Be2d3 Nc6e7
11.Nb1a3 c5
12.Bf4g5 Qd8c7
13.Qd1d2 cxd4
14.cxd4 a6
15.Ra1c1 Qc7d7
16.Na3c2 a5
17.Nc2e3 Bc8b7
18.Ne3xf5 Ne7xf5
19.Bd3xf5 exf5
20.Bg5f6 Ra8c8
21.h3 Bb7a6
22.Rf1e1 Rc8xc1
23.Re1xc1 h6
24.Nf3h2 Bg7xf6
25.exf6 Kh7
26.Qd2c3 Rf8c8
27.Qc3e1 Rc8xc1
28.Qe1xc1 Qd7d6
29.Nh2f3 Qd6xf6
30.Nf3e5 Kg7
31.Qc1c6 Qf6xc6
32.Ne5xc6 f6
33.Nc6d8 Ba6c8
34.b4 Bc8d7
35.bxa5 bxa5
36.Nd8b7 a4
37.a3 f4
38.f3 h5
39.Nb7c5 Bd7b5
40.Nc5e6 Kf7
41.Ne6xf4 Bb5c4
42.g4 hxg4
43.hxg4 f5
44.g5 Bc4b3
45.Kf2 Bb3c4
46.Ke3 Bc4b3
47.Kd2 Bb3c4
48.Kc3 Kg7
49.Kb4 Bc4b3
50.Nf4h3 Kf7
51.f4 Ke6
52.Kc3 Kd6
53.Nh3f2 Kc6
54.Nf2d3 Kd6
55.Nd3e5 Ke6
56.Ne5xg6 Kf7
57.Ng6e5 Ke6
58.Ne5d3 Kf7
59.Nd3c5 { abandon }1-0

[Event "Défi"]
[Site "www.echecsemail.com"]
[Date "2026.01.21"]
[Round "1"]
[White "Chomi64"]
[Black "Algors"]
[WhiteElo "1750"]
[BlackElo "1760"]
[Result "1-0"]
1.d4 f5
2.e4 fxe4
3.Qd1h5 g6
4.Qh5e5 Ng8f6
5.Bc1g5 Bf8g7
6.Bg5xf6 Bg7xf6
7.Qe5xe4 d5
8.Qe4e3 Bc8f5
9.Bf1b5 c6
10.Bb5d3 Bf5xd3
11.Qe3xd3 e5
12.dxe5 Bf6xe5
13.c3 Qd8e7
14.Qd3e3 Nb8d7
15.Ng1f3 O-O
16.O-O b6
17.Nf3xe5 Nd7xe5
18.f4 Ne5f3
19.Rf1xf3 Qe7xe3
20.Rf3xe3 Rf8xf4
21.Nb1d2 d4
22.cxd4 Rf4xd4
23.Nd2b3 Rd4d6
24.Ra1e1 Rd6d8
25.Re3e7 Rd8c8
26.Nb3d4 c5
27.Nd4e6 Kh8
28.Ne6c7 Ra8b8
29.Re7e8 Rc8xe8
30.Re1xe8 Rb8xe8
31.Nc7xe8 Kg8
32.Ne8d6 Kf8
33.Nd6c8 Ke8
34.Nc8xa7 Kd7
35.Kf2 Kc7
36.Ke3 Kb7
37.Na7b5 Kc6
38.Nb5c3 b5
39.a3 b4
40.axb4 cxb4
41.Nc3e4 Kb5
42.b3 Kc6
43.Kd4 Kb5
44.Kd5 Kb6
45.Ke6 Kc6
46.Kf7 Kd5
47.Ne4d2 Kd4
48.Nd2f3 Kc3
49.Ke6 Kxb3
50.Kd5 Kc3
51.Nf3d4 Kd3
52.Kc5 Kc3
53.g4 b3
54.Nd4xb3 Kxb3
55.Kd4 Kb4
56.Ke5 Kc4
57.Kf6 Kd4
58.h4 Ke4
59.Kg5 Kf3
60.h5 gxh5
61.gxh5 Kg3
62.h6 Kf3
63.Kf6 Kg4
64.Kg7 Kh5
65.Kxh7 Kg5
66.Kg7 { abandon }1-0

[Event "Tournoi n27401"]
[Site "www.echecsemail.com"]
[Date "2026.01.21"]
[Round "1"]
[White "Odemevol"]
[Black "Emmanuel"]
[WhiteElo "1950"]
[BlackElo "1950"]
[Result "0-1"]
1.d4 f5
2.c4 Ng8f6
3.g3 g6
4.Ng1f3 Bf8g7
5.Bf1g2 O-O
6.O-O d6
7.Nb1c3 c6
8.Qd1c2 Qd8e8
9.Bc1f4 h6
10.h4 Bc8d7
11.e4 Nf6g4
12.d5 Nb8a6
13.a3 b5
14.dxc6 Bd7xc6
15.Nc3d5 Ra8c8
16.Qc2d2 Na6c5
17.Qd2e2 Nc5xe4
18.Ra1b1 bxc4
19.Nd5e3 Ng4xe3
20.Bf4xe3 c3
21.Nf3d4 Bg7xd4
22.Qe2c4 e6
23.Qc4xd4 Rf8f7
24.bxc3 e5
25.Qd4d3 Kh7
26.Kh2 d5
27.f3 Ne4f6
28.Be3xa7 Rf7xa7
29.Rf1e1 Ra7xa3
{ abandon }0-1

[Event "Coupe Niveau 7"]
[Site "www.echecsemail.com"]
[Date "2026.01.21"]
[Round "1"]
[White "Carrighir"]
[Black "Abc47"]
[WhiteElo "2110"]
[BlackElo "2180"]
[Result "1-0"]
1.e4 e6
2.d4 d5
3.e5 c5
4.c3 Qd8b6
5.Ng1f3 Nb8c6
6.a3 cxd4
7.cxd4 Ng8e7
8.b4 Ne7f5
9.Bc1b2 Bf8e7
10.Bf1e2 O-O
11.O-O Bc8d7
12.Be2d3 g6
13.Bd3xf5 exf5
14.Nb1c3 Bd7e6
15.Nc3a4 Qb6d8
16.Ra1c1 Ra8c8
17.Na4c5 b6
18.Nc5d3 Be7g5
19.Nf3xg5 Qd8xg5
20.f4 Qg5e7
21.Nd3f2 Be6d7
22.Nf2h3 Nc6d8
23.Qd1f3 Nd8e6
24.Qf3xd5 Rf8d8
25.Qd5f3 Bd7b5
26.Rc1xc8 Rd8xc8
27.Rf1d1 Rc8c2
28.Bb2a1 Ne6xd4
29.Qf3a8 Kg7
30.Ba1xd4 Bb5c6
31.e6 f6
32.Qa8c8 Rc2xg2
33.Kf1 Rg2c2
34.Ke1 Bc6a4
35.Bd4xf6 Kxf6
36.Qc8h8 Qe7g7
37.Qh8d8 Qg7e7
38.Qd8d4 { abandon }1-0

[Event "Défi( 10J+24H/c 10J Max )"]
[Site "www.echecsemail.com"]
[Date "2026.01.21"]
[Round "1"]
[White "Titit1"]
[Black "Whisky"]
[WhiteElo "1450"]
[BlackElo "1320"]
[Result "1-0"]
1.d4 d5
2.Bc1f4 e6
3.Ng1f3 Nb8c6
4.Nb1c3 Bf8b4
5.Bf4d2 Bb4xc3
6.Bd2xc3 Ng8f6
7.e3 g5
8.Bf1b5 Bc8d7
9.O-O Nf6e4
10.Bc3e1 Nc6e7
11.Qd1d3 a6
12.Bb5xd7 Qd8xd7
13.Nf3e5 Qd7b5
14.Qd3d1 f6
15.Ne5g4 Qb5xb2
16.Ra1b1 Qb2xa2
17.Rb1xb7 O-O
18.Rb7xc7 Ra8e8
19.Ng4h6 Kg7
20.Nh6g4 Rf8f7
21.Qd1f3 f5
22.Ng4e5 Rf7f8
23.Qf3h5 Kh8
24.Qh5xg5 Ne4f6
25.Qg5h6 Qa2a5
26.Ne5c6 Qa5xc7
27.Nc6e5 Nf6g8
28.Qh6h4 Qc7xc2
29.Ne5f7 Rf8xf7
30.f4 Qc2e4
31.Rf1f3 Rf7f6
32.Rf3h3 Rf6g6
33.Qh4xh7 1-0

[Event "Eq:Fair play-LES CHATTERBOX :"]
[Site "www.echecsemail.com"]
[Date "2026.01.21"]
[Round "1"]
[White "Papyrolo"]
[Black "Hberlioz"]
[WhiteElo "2080"]
[BlackElo "1690"]
[Result "1-0"]
1.d4 d5
2.c4 e6
3.Nb1c3 Bf8b4
4.a3 Bb4a5
5.b4 Ba5xb4
6.axb4 Ng8f6
7.c5 O-O
8.Ng1f3 Nb8c6
9.Ra1b1 Rf8e8
10.Bc1g5 h6
11.Bg5h4 g5
12.Bh4g3 Nf6h7
13.b5 Nc6e7
14.e3 f5
15.Qd1c2 h5
16.h3 h4
17.Bg3h2 Kh8
18.Bh2e5 Kg8
19.Bf1d3 c6
20.O-O Ne7g6
21.Be5d6 g4
22.Nf3e5 Ng6xe5
23.Bd6xe5 gxh3
24.g3 hxg3
25.Be5xg3 Qd8g5
26.Kh2 Qg5h5
27.Bd3e2 Qh5h6
28.Rf1g1 Nh7f6
29.Bg3f4 Nf6g4
30.Rg1xg4 fxg4
31.Bf4xh6 { abandon }1-0

[Event "Défi"]
[Site "www.echecsemail.com"]
[Date "2026.01.21"]
[Round "1"]
[White "Katastrofic"]
[Black "Mokanne"]
[WhiteElo "1430"]
[BlackElo "1460"]
[Result "1-0"]
1.e4 e5
2.Bf1c4 d6
3.h3 Bf8e7
4.d3 g5
5.Qd1f3 Ng8f6
6.Bc1xg5 Nb8c6
7.Bg5xf6 Be7xf6
8.Qf3h5 Qd8e7
9.a3 Bf6g7
10.Qh5f3 Nc6d4
11.Qf3d1 Bc8e6
12.Bc4xe6 Nd4xe6
13.Ng1f3 Bg7h6
14.O-O Kd7
15.c4 Ne6c5
16.b4 Nc5e6
17.Nb1c3 f6
18.d4 exd4
19.Nf3xd4 Qe7g7
20.Nd4xe6 Kxe6
21.Rf1e1 Kd7
22.Ra1a2 Rh8g8
23.Nc3e2 Ra8e8
24.Ne2g3 Bh6f4
25.Qd1f3 Bf4xg3
26.fxg3 Qg7xg3
27.Qf3xg3 Rg8xg3
28.a4 Re8g8
29.Re1e2 Rg3xh3
30.Re2f2 Ke7
31.Kf1 Rh3g3
32.Ra2e2 Rg3g5
33.Re2e3 Kf7
34.Re3f3 Rg5g6
35.a5 Ke6
36.Rf3f5 Rg6g5
37.Rf5xf6 Ke5
38.Rf6f5 Kxe4
39.Rf5f7 Rg5g3
40.Rf7xc7 Kd3
41.c5 d5
42.Rf2f3 Rg3xf3
43.gxf3 Rg8g7
44.Rc7xg7 Kc3
45.Rg7g4 d4
46.Rg4g7 Kc2
47.Rg7xh7 d3
48.Rh7d7 d2
49.Ke2 { abandon }1-0

[Event "Eq:Les Rois du Succes-Vikings :"]
[Site "www.echecsemail.com"]
[Date "2026.01.21"]
[Round "1"]
[White "Oscar"]
[Black "Gege62111"]
[WhiteElo "1940"]
[BlackElo "1690"]
[Result "1-0"]
1.d4 d5
2.e3 Ng8f6
3.Ng1f3 Bc8g4
4.Bf1e2 Bg4xf3
5.Be2xf3 e6
6.Nb1c3 Bf8b4
7.Bc1d2 O-O
8.O-O Nb8c6
9.a3 Bb4xc3
10.Bd2xc3 Rf8e8
11.Qd1d3 Nf6e4
12.Bf3xe4 dxe4
13.Qd3xe4 Qd8d7
14.Qe4d3 Ra8d8
15.Ra1d1 Nc6e7
16.b4 a6
17.e4 Ne7g6
18.Bc3b2 Ng6f4
19.Qd3f3 Nf4g6
20.c3 Qd7e7
21.c4 c6
22.g3 e5
23.d5 c5
24.bxc5 Qe7c7
25.c6 bxc6
26.dxc6 Qc7xc6
27.Rd1xd8 Re8xd8
28.Rf1c1 Qc6a4
29.c5 f6
30.c6 Rd8c8
31.c7 Ng6f8
32.Qf3d3 Nf8e6
33.Qd3d5 Kf7
34.Rc1c6 Qa4b5
35.Qd5xe6 Kg6
36.Rc6b6 Qb5e8
37.Qe6xe8 Rc8xe8
38.Rb6b8 { abandon }1-0

[Event "Tournoi n27401"]
[Site "www.echecsemail.com"]
[Date "2026.01.21"]
[Round "1"]
[White "Emmanuel"]
[Black "Geantvert"]
[WhiteElo "1950"]
[BlackElo "1850"]
[Result "1-0"]
1.b3 e5
2.Bc1b2 Nb8c6
3.e3 d5
4.Bf1b5 Qd8d6
5.Nb1c3 Bc8d7
6.Bb5xc6 Bd7xc6
7.Qd1e2 O-O-O
8.Nc3b5 Bc6xb5
9.Qe2xb5 a6
10.Qb5e2 f5
11.O-O-O g6
12.f4 Bf8g7
13.Ng1f3 Rd8e8
14.g3 Ng8h6
15.h3 Nh6f7
16.Qe2g2 Rh8g8
17.g4 e4
18.Nf3d4 c5
19.Nd4e2 Bg7xb2
20.Kxb2 Qd6f6
21.c3 Nf7d6
22.g5 Qf6d8
23.h4 Qd8a5
24.a4 b5
25.Rd1a1 c4
26.b4 Qa5b6
27.Ne2d4 Kd7
28.h5 a5
29.axb5 axb4
30.Ra1a6 bxc3
31.dxc3 Qb6b7
32.hxg6 hxg6
33.Rh1h7 Re8e7
34.Rh7xe7 Kxe7
35.Nd4c6 Kf8
36.Nc6b4 Nd6xb5
37.Qg2h1 Kf7
38.Qh1h7 Rg8g7
39.Ra6f6 Ke8
40.Qh7h8 { abandon }1-0

[Event "Eq:Les Rois du Succes-Vikings :"]
[Site "www.echecsemail.com"]
[Date "2026.01.21"]
[Round "1"]
[White "Gege62111"]
[Black "Oscar"]
[WhiteElo "1690"]
[BlackElo "1940"]
[Result "1-0"]
1.e4 e5
2.Ng1f3 Nb8c6
3.Bf1b5 d6
4.Bb5xc6 bxc6
5.Nb1c3 Ng8f6
6.O-O Bf8e7
7.Rf1e1 O-O
8.d3 Bc8b7
9.Bc1g5 c5
10.Bg5xf6 Be7xf6
11.Nc3d5 c6
12.Nd5xf6 Qd8xf6
13.c4 d5
14.cxd5 cxd5
15.exd5 Bb7xd5
16.Re1e3 Qf6e6
17.Nf3xe5 Qe6a6
18.a3 Qa6b7
19.Qd1c2 Bd5xg2
20.f3 Bg2h3
21.Qc2f2 Ra8e8
22.Qf2g3 Qb7xb2
23.Re3e1 Bh3e6
24.Re1b1 Qb2d4
25.Kh1 f6
26.Ne5c6 Qd4xd3
27.Nc6xa7 Qd3a6
28.Na7b5 Re8b8
29.Nb5c7 Rb8xb1
30.Ra1xb1 Qa6c6
31.Nc7xe6 Qc6xe6
32.Rb1g1 Qe6e7
33.Rg1e1 Qe7d7
34.Re1c1 Qd7d4
35.Rc1g1 g6
36.Qg3g4 c4
37.Qg4xd4 { abandon }1-0

[Event "Tournoi n27237"]
[Site "www.echecsemail.com"]
[Date "2026.01.21"]
[Round "1"]
[White "Zanatany"]
[Black "Capitaine"]
[WhiteElo "2240"]
[BlackElo "2390"]
[Result "0-1"]
1.Ng1f3 Ng8f6
2.d4 g6
3.c4 Bf8g7
4.Nb1c3 O-O
5.e4 d6
6.Bc1g5 Nb8d7
7.e5 dxe5
8.dxe5 Nf6g4
9.e6 fxe6
10.Bf1e2 Ng4f6
11.O-O c6
12.Be2d3 e5
13.Qd1e2 Qd8c7
14.Rf1e1 Nd7c5
15.Nf3xe5 Nc5xd3
16.Qe2xd3 Bc8f5
17.Qd3e3 Nf6e4
18.Ne5xg6 Bf5xg6
19.Nc3xe4 Bg7xb2
20.Ra1d1 Ra8d8
21.Rd1xd8 Rf8xd8
22.Ne4c5 Bb2d4
23.Qe3a3 Qc7d6
24.Bg5e3 e5
25.Qa3xa7 Bd4xe3
26.fxe3 Qd6d2
27.Re1f1 Qd2xe3
28.Kh1 Qe3e2
29.Rf1g1 Qe2f2
30.Nc5xb7 Qf2xa7
31.Nb7xd8 Qa7d7
32.Nd8xc6 Qd7xc6
33.h3 Qc6xc4
34.a3 Bg6e4
35.Kh2 Qc4e2
36.Kg3 Qe2e3
37.Kh2 Qe3f2
38.a4 Be4c6
39.a5 Kg7
40.a6 h5
41.h4 Qf2xh4
0-1

[Event "Tournoi échelle division 1"]
[Site "www.echecsemail.com"]
[Date "2026.01.21"]
[Round "1"]
[White "Luc20"]
[Black "Verson"]
[WhiteElo "1810"]
[BlackElo "1870"]
[Result "0-1"]
1.d4 d5
2.Ng1f3 Ng8f6
3.g3 e6
4.Bf1g2 Bf8d6
5.Nb1d2 O-O
6.O-O Nb8d7
7.c4 c6
8.c5 Bd6c7
9.b4 e5
10.dxe5 Nd7xe5
11.Bc1b2 Ne5xf3
12.Bg2xf3 Bc8f5
13.Rf1e1 Rf8e8
14.e3 Bc7e5
15.Bb2xe5 Re8xe5
16.Nd2b3 Bf5e4
17.Nb3d4 Qd8e7
18.Qd1e2 Be4xf3
19.Qe2xf3 Nf6e4
20.Qf3g4 Qe7f6
21.Re1e2 Ra8e8
22.Ra1c1 h5
23.Qg4h3 Re5g5
24.f4 Rg5g6
25.Qh3xh5 Rg6h6
26.Qh5f3 Rh6h3
27.Qf3g2 Rh3h7
28.Nd4f3 g6
29.Nf3e5 Qf6f5
30.Qg2f3 Qf5h5
31.g4 Qh5h3
32.Qf3xh3 Rh7xh3
33.Kg2 Rh3h4
34.Kf3 Kg7
35.g5 Re8h8
36.Ne5g4 f5
37.Ng4h6 Ne4f6
38.gxf6 Kxf6
39.Nh6xf5 gxf5
40.Rc1h1 Rh8g8
41.Re2g2 Rh4h3
42.Kf2 Rg8xg2
43.Kxg2 Rh3xe3
44.h4 Re3e2
45.Kg3 Re2xa2
46.h5 Kg7
47.Rh1b1 Kh6
48.Kf3 Ra2h2
49.Rb1a1 a6
50.Ra1e1 Rh2b2
51.Re1e5 Kxh5
52.Re5xf5 Kg6
53.Rf5g5 Kf6
54.Rg5e5 Rb2xb4
55.Re5e8 a5
56.Re8f8 Ke7
57.Rf8a8 Rb4b5
58.Ke3 Rb5xc5
59.Kd4 Rc5c4
60.Ke5 a4
61.Ra8a7 Rc4b4
62.Kf5 Kd6
63.Kg5 Ke6
64.f5 Kf7
65.Ra7a5 d4
66.Kf4 b6
67.Ra5a7 Kf6
68.Ke4 c5
69.Ra7a6 d3
70.Kxd3 Kxf5
71.Kc3 Ke5
72.Ra6a8 Kd5
73.Ra8d8 Kc6
74.Rd8h8 Kb5
75.Rh8a8 Rb4b3
76.Kc2 Kb4
{ abandon }0-1

[Event "Tournoi n27406"]
[Site "www.echecsemail.com"]
[Date "2026.01.21"]
[Round "1"]
[White "Hermite"]
[Black "Tiounet"]
[WhiteElo "1530"]
[BlackElo "1620"]
[Result "1-0"]
1.e4 a6
2.Ng1f3 b5
3.c4 bxc4
4.Bf1xc4 e6
5.O-O Bc8b7
6.d3 Ng8f6
7.b3 g6
8.Bc1g5 d6
9.Nb1d2 Bf8g7
10.Rf1e1 O-O
11.d4 Qd8c8
12.e5 dxe5
13.dxe5 Nf6d5
14.Nd2e4 Nb8d7
15.Qd1d2 Nd5b6
16.Bg5h6 Rf8e8
17.Bh6xg7 Kxg7
18.Qd2f4 Nb6xc4
19.Ne4f6 Nc4xe5
20.Nf6xe8 Qc8xe8
21.Nf3g5 Ne5d3
22.Qf4h4 h5
23.Re1e3 Nd3e5
24.Re3g3 Nd7c5
25.Ng5h3 Ne5g4
26.f3 Ng4e3
27.Qh4xh5 Ne3f5
28.Rg3g4 Nf5e3
29.Rg4g3 Ne3f5
30.Rg3g4 Nf5e3
31.Rg4g3 Nc5d7
32.Nh3f4 Nd7f6
33.Qh5h4 Ne3f5
34.Rg3xg6 Kf8
35.Qh4h8 Ke7
36.Qh8xf6 Kd7
37.Ra1d1 Kc8
38.Rg6g5 Kb8
39.Rd1d8 Qe8xd8
40.Qf6xd8 Ka7
41.Qd8xc7 { abandon }1-0

[Event "Tournoi n27399"]
[Site "www.echecsemail.com"]
[Date "2026.01.21"]
[Round "1"]
[White "Tiounet"]
[Black "Verson"]
[WhiteElo "1650"]
[BlackElo "1870"]
[Result "0-1"]
1.a3 d5
2.b4 Ng8f6
3.Bc1b2 e6
4.g3 Bf8d6
5.Bf1g2 Nb8d7
6.Ng1f3 O-O
7.O-O e5
8.d3 Rf8e8
9.Nb1d2 Nd7f8
10.e3 h6
11.c4 c6
12.cxd5 cxd5
13.Ra1c1 Bc8f5
14.Qd1b3 Ra8c8
15.Rc1xc8 Qd8xc8
16.Rf1c1 Qc8d7
17.Nf3h4 Bf5e6
18.Nh4f3 Nf8g6
19.Qb3d1 Be6g4
20.Qd1b3 Re8c8
21.Qb3a2 Rc8xc1
22.Bb2xc1 e4
23.dxe4 dxe4
24.Nf3d4 Bd6e5
25.Nd4b3 Bg4e6
26.Qa2b1 Nf6d5
27.Nb3c5 Qd7e7
28.Nd2xe4 Be6f5
29.Qb1b3 b6
30.Nc5d3 Qe7c7
31.Bc1b2 Bf5xe4
32.Bg2xe4 Be5xb2
33.Qb3xb2 Nd5f6
34.Be4xg6 fxg6
35.Qb2b3 Qc7f7
36.Qb3xf7 Kxf7
37.Nd3f4 g5
38.Nf4d3 Ke6
39.Kg2 Kd5
40.Kf3 h5
41.h3 Nf6e4
42.h4 gxh4
43.gxh4 Ne4d2
44.Ke2 Nd2b1
45.a4 Nb1c3
46.Kf3 Nc3xa4
47.Nd3f4 Kc4
48.Nf4xh5 Na4c3
49.Nh5xg7 Nc3d5
50.h5 Nd5f6
51.h6 a5
52.Ng7h5 Nf6h7
53.bxa5 bxa5
54.Nh5f4 a4
55.Nf4e2 a3
56.Ne2d4 a2
57.Nd4c2 Kc3
58.Nc2a1 Kb2
59.e4 Kxa1
60.e5 Kb1
61.e6 a1Q
62.e7 Qa1f6
{ abandon }0-1

[Event "Tetraktus 103"]
[Site "www.echecsemail.com"]
[Date "2026.01.21"]
[Round "1"]
[White "Orosco"]
[Black "Connecticcut"]
[WhiteElo "2200"]
[BlackElo "1910"]
[Result "1-0"]
1.e4 e5
2.Ng1f3 d5
3.Nf3xe5 Qd8f6
4.d4 dxe4
5.Nb1c3 Bf8b4
6.Bf1b5 c6
7.Bb5c4 Bc8e6
8.O-O Bb4xc3
9.bxc3 Be6xc4
10.Ne5xc4 Nb8d7
11.Qd1g4 h6
12.Qg4xe4 Ng8e7
13.Bc1a3 c5
14.Ra1b1 O-O
15.Rb1xb7 Rf8d8
16.Rb7xd7 Ne7g6
17.Ba3xc5 Rd8xd7
18.Qe4xa8 Kh7
19.Rf1e1 Rd7d8
20.Qa8xa7 Rd8d5
21.Qa7b7 Rd5g5
22.Re1e8 Ng6f4
23.Qb7e4 g6
24.d5 Rg5xd5
25.Bc5d4 Rd5xd4
26.Qe4xd4 Qf6xd4
27.cxd4 { abandon }1-0

[Event "Coupe Niveau 2"]
[Site "www.echecsemail.com"]
[Date "2026.01.21"]
[Round "1"]
[White "Panchoa"]
[Black "Nbelnico"]
[WhiteElo "1590"]
[BlackElo "1710"]
[Result "0-1"]
1.e4 e5
2.Ng1f3 d6
3.Nb1c3 Bc8g4
4.Bf1e2 a6
5.O-O Ng8f6
6.d3 h6
7.h3 Bg4h5
8.g4 Bh5g6
9.Nf3h4 Bg6h7
10.b3 Bf8e7
11.Be2f3 O-O
12.Kh1 c6
13.Rf1g1 Nb8d7
14.g5 hxg5
15.Nh4f5 Bh7xf5
16.exf5 Nf6h7
17.Nc3e4 d5
18.Ne4g3 Qd8b6
19.Bc1b2 Qb6xf2
20.d4 e4
21.Rg1g2 Qf2xf3
22.Qd1xf3 exf3
23.Rg2f2 f6
24.Rf2xf3 c5
25.dxc5 Nd7xc5
26.Ra1e1 Be7d6
27.b4 Nc5e4
28.Bb2c1 Bd6xg3
29.Re1g1 Bg3f2
30.Rg1g4 Bf2b6
31.Kg2 d4
32.a4 Rf8d8
33.Rg4xe4 d3
34.cxd3 Ra8c8
35.Bc1e3 Rc8c2
36.Kg3 Bb6c7
37.Kg4 Rc2g2
38.Kh5 g4
39.Re4xg4 Rg2xg4
40.hxg4 Rd8xd3
41.Kg6 Bc7b6
{ abandon }0-1

[Event "Défi( 10J+24H/c 10J Max )"]
[Site "www.echecsemail.com"]
[Date "2026.01.21"]
[Round "1"]
[White "Amour"]
[Black "Anumisme"]
[WhiteElo "1030"]
[BlackElo "1200"]
[Result "0-1"]
1.Ng1f3 Nb8c6
2.e4 e5
3.Bf1b5 a6
4.O-O axb5
5.Nb1c3 Ng8f6
6.b4 Bf8xb4
7.Nc3e2 d6
8.Nf3g5 Qd8e7
9.c3 Bb4a5
10.d3 Nf6h5
11.Ng5f3 Bc8g4
12.Nf3h4 Qe7xh4
13.g3 Qh4h3
14.Bc1d2 O-O
15.Kh1 Ba5b6
16.Rf1e1 Bb6xf2
17.Re1f1 Bf2c5
18.a3 f6
19.d4 exd4
20.cxd4 Bc5xd4
21.Bd2f4 g5
22.Bf4d2 d5
23.Qd1b3 Bd4xa1
24.Rf1xa1 Ra8d8
25.Ne2c3 Nh5xg3
26.Kg1 Bg4f3
27.Nc3xb5 Qh3g2
0-1

[Event "Coupe Niveau 2"]
[Site "www.echecsemail.com"]
[Date "2026.01.21"]
[Round "1"]
[White "Bertelsen"]
[Black "Woluwe1975"]
[WhiteElo "1690"]
[BlackElo "1630"]
[Result "0-1"]
1.d4 d5
2.Ng1f3 Ng8f6
3.Nb1c3 e6
4.a3 c6
5.e3 Bf8d6
6.h3 Nb8d7
7.Bf1e2 b6
8.b4 Bc8b7
9.Nc3a4 Nf6e4
10.Be2d3 f5
11.Bd3xe4 fxe4
12.Nf3d2 Qd8h4
13.Qd1g4 Qh4e7
14.Qg4h5 Qe7f7
15.Qh5xf7 Kxf7
16.c4 Bd6c7
17.c5 b5
18.Na4c3 a6
19.a4 Rh8f8
20.O-O Kg8
21.a5 Nd7f6
22.Nc3e2 Bb7c8
23.Kh1 e5
24.f4 exf4
25.exf4 Nf6h5
26.Nd2b3 Bc7xf4
27.g4 Nh5g3
28.Ne2xg3 Bf4xg3
29.Bc1e3 Bc8e6
30.Kg2 Bg3h4
31.Nb3d2 h6
32.Ra1d1 Rf8xf1
33.Kxf1 Ra8f8
34.Kg2 Bh4d8
35.Rd1f1 Rf8xf1
36.Nd2xf1 g5
37.Nf1g3 Bd8f6
38.Ng3h5 Bf6e7
{ abandon }0-1

[Event "Tournoi n27404"]
[Site "www.echecsemail.com"]
[Date "2026.01.21"]
[Round "1"]
[White "Tiounet"]
[Black "Hermite"]
[WhiteElo "1650"]
[BlackElo "1530"]
[Result "1-0"]
1.a3 d5
2.b4 e6
3.Bc1b2 c5
4.bxc5 Bf8xc5
5.Bb2xg7 f6
6.Bg7xh8 Bc8d7
7.e3 Qd8e7
8.g3 Nb8c6
9.Bf1g2 O-O-O
10.Ng1e2 Ng8h6
11.Bh8xf6 Qe7xf6
12.Nb1c3 Nh6g4
13.O-O Qf6h6
14.h4 Ng4e5
15.d4 Bc5b6
16.dxe5 Nc6xe5
17.Ne2f4 Kb8
18.Nc3e2 Bd7c6
19.Ne2d4 Bb6xd4
20.Qd1xd4 Ne5c4
21.Bg2h3 a6
22.Nf4xe6 Rd8e8
23.Ne6g5 Qh6g6
24.c3 h6
25.Ng5f3 Qg6h5
26.Qd4f4 Ka8
27.Nf3d4 Nc4d2
28.Rf1d1 Nd2e4
29.Nd4f5 Re8f8
30.Rd1c1 Ne4d2
31.Bh3g4 Qh5g6
32.Qf4d6 Qg6e8
33.Ra1a2 Nd2f3
34.Kg2 Nf3e5
35.Bg4h3 d4
36.Kf1 dxe3
37.Nf5xe3 Bc6b5
38.c4 Bb5c6
39.Qd6xh6 Rf8h8
40.Qh6g7 Rh8f8
41.Ne3d5 Bc6xd5
42.cxd5 Ne5d3
43.Rc1c7 Qe8e1
44.Kg2 Rf8xf2
45.Ra2xf2 Qe1xf2
46.Kh1 Qf2f3
47.Bh3g2 Qf3d1
48.Kh2 Qd1b3
49.Rc7c3 Qb3b5
50.d6 Nd3c5
51.Bg2h3 Qb5b2
52.Bh3g2 Qb2b6
53.d7 Nc5e6
54.Qg7g8 Ka7
55.Rc3c8 { abandon }1-0

[Event "Tournoi échelle division 3"]
[Site "www.echecsemail.com"]
[Date "2026.01.21"]
[Round "1"]
[White "Jlouism"]
[Black "Woluwe1975"]
[WhiteElo "1550"]
[BlackElo "1610"]
[Result "0-1"]
1.d4 d6
2.Ng1f3 Ng8f6
3.Nb1c3 g6
4.e4 Bf8g7
5.Bf1c4 e6
6.e5 dxe5
7.Nf3xe5 O-O
8.Bc1g5 c6
9.Ne5g4 h6
10.Ng4xh6 Bg7xh6
11.Bg5xh6 Rf8e8
12.O-O b5
13.f4 bxc4
14.Bh6g5 Nb8d7
15.h4 Kg7
16.g3 Bc8b7
17.Rf1f2 Qd8b6
18.b3 Bb7a6
19.Rf2h2 Nf6d5
20.Nc3e4 Re8h8
21.h5 gxh5
22.Rh2xh5 Nd5e3
23.Qd1e2 Ne3f5
24.Qe2g4 Rh8xh5
25.Qg4xh5 Qb6xd4
26.Ne4f2 Qd4xa1
27.Kg2 Ra8h8
28.Qh5g4 Nf5e3
29.Kf3 Ne3xg4
30.Nf2xg4 cxb3
31.cxb3 Qa1xa2
32.Ng4e5 Qa2xb3
33.Kg4 Ba6e2
34.Ne5f3 Be2xf3
0-1

[Event "Eq:O fou d hello-Vikings :"]
[Site "www.echecsemail.com"]
[Date "2026.01.21"]
[Round "1"]
[White "Tombelaine"]
[Black "Legrillon"]
[WhiteElo "2250"]
[BlackElo "1700"]
[Result "1-0"]
1.d4 d5
2.Ng1f3 h6
3.Bc1f4 Nb8c6
4.e3 a6
5.c4 Bc8g4
6.cxd5 Qd8xd5
7.Nb1c3 Qd5d7
8.Bf1e2 Ng8f6
9.O-O e6
10.h3 Bg4xf3
11.Be2xf3 Bf8d6
12.Bf4xd6 Qd7xd6
13.Qd1a4 O-O
14.Bf3xc6 bxc6
15.Ra1c1 Nf6d5
16.Nc3e4 Qd6b4
17.Qa4xb4 Nd5xb4
18.a3 Nb4d5
19.Rc1xc6 f5
20.Ne4c3 Rf8f7
21.Rf1c1 Ra8a7
22.Nc3xd5 exd5
23.Rc1c5 Rf7d7
24.Rc5a5 Kh7
25.Ra5xa6 Ra7xa6
26.Rc6xa6 Kg8
27.b4 Kf7
28.a4 Ke7
29.b5 Rd7d8
30.g3 Kd7
31.Kf1 Rd8b8
32.Ke2 Rb8c8
33.Kd3 Rc8b8
34.Kc3 Rb8c8
35.Kb4 c6
36.Ra6xc6 Rc8xc6
37.bxc6 Kxc6
38.a5 g6
39.f4 g5
40.fxg5 hxg5
41.h4 gxh4
42.gxh4 { abandon }1-0

[Event "Tournoi n27371"]
[Site "www.echecsemail.com"]
[Date "2026.01.21"]
[Round "1"]
[White "Lancien57"]
[Black "Wenoketo"]
[WhiteElo "1440"]
[BlackElo "1630"]
[Result "0-1"]
1.e4 c6
2.Ng1f3 e6
3.Nb1c3 Ng8f6
4.d4 d5
5.e5 Nf6d7
6.Bf1e2 Bf8e7
7.Bc1f4 O-O
8.a3 b5
9.b4 a5
10.bxa5 Ra8xa5
11.Bf4d2 Ra5a7
12.O-O Nd7b6
13.Bd2c1 b4
14.Nc3a2 bxa3
15.Na2c3 Bc8d7
16.Nf3d2 Bd7c8
17.Nc3a2 c5
18.dxc5 Be7xc5
19.Nd2b3 Bc5e7
20.Bc1e3 Ra7a8
21.Nb3c5 Be7xc5
22.Be3xc5 Rf8e8
23.Na2b4 Nb6c4
24.Be2xc4 dxc4
25.Qd1xd8 Re8xd8
26.Bc5e7 Rd8d7
27.Be7c5 Bc8b7
28.f3 Nb8c6
29.Nb4xc6 Bb7xc6
30.Bc5xa3 Rd7a7
31.Ba3b2 Ra7xa1
32.Bb2xa1 Bc6d5
33.c3 g6
34.f4 Ra8a2
35.Rf1c1 Ra2xg2
36.Kf1 Rg2xh2
37.Ke1 Rh2h4
38.Ke2 Rh4xf4
39.Rc1g1 Rf4e4
40.Kd2 Re4xe5
41.Ba1b2 Kg7
42.Rg1a1 h5
43.Ra1a7 h4
44.Ra7d7 h3
45.Rd7a7 h2
46.Ra7a1 h1Q
47.Ra1xh1 Bd5xh1
48.Bb2a3 g5
49.Ba3d6 Re5f5
50.Ke3 Bh1d5
51.Kd4 g4
52.Kc5 Rf5g5
53.Bd6e7 Rg5g6
54.Be7d6 g3
55.Bd6xg3 Rg6xg3
56.Kb4 f5
57.Kc5 f4
58.Kd4 f3
59.Ke3 Rg3h3
60.Kf2 Rh3h2
61.Kg1 Rh2c2
62.Kf1 Rc2xc3
63.Kf2 Rc3a3
64.Kf1 c3
65.Ke1 c2
66.Kd2 f2
67.Kxc2 f1Q
68.Kb2 Ra3h3
69.Kc2 Qf1f2
70.Kd1 Rh3h1
0-1